Medzinárodné stratégie slovenských priemyselných podnikov

Podstata a formy medzinárodných stratégií podnikov. Uplatňovanie stratégií vstupu na trh a sprostredkovanie zahraničného trhu. Osobitosti medzinárodných stratégií malých podnikov.

Salvato in:
Dettagli Bibliografici
Autore principale: Sršňová, Jana
Altri autori: Füzyová, Ľubica
Natura: Capitolo di libro
Lingua:slovacco
Soggetti:
Tags: Aggiungi Tag
Nessun Tag, puoi essere il primo ad aggiungerne!!

MARC

LEADER 00000naa$a2200000$$$4500
001 0105742
005 20240502072157.2
041 0 |a slo 
044 |a SK 
245 1 0 |a Medzinárodné stratégie slovenských priemyselných podnikov  |c Jana Sršňová, Ľubica Füzyová 
520 |a Podstata a formy medzinárodných stratégií podnikov. Uplatňovanie stratégií vstupu na trh a sprostredkovanie zahraničného trhu. Osobitosti medzinárodných stratégií malých podnikov. 
610 2 0 |a podnik priemyselný 
610 2 0 |a stratégia podniková 
610 2 0 |a stratégia podnikateľská 
610 2 0 |a rozhodovanie strategické 
610 2 0 |a riadenie strategické 
610 2 0 |a Slovensko 
100 1 |a Sršňová, Jana 
700 1 |a Füzyová, Ľubica